Statistics for Every Roman Emperor

Click here to take the quiz!

General Stats

  • This quiz has been taken 24 times
  • The average score is 16 of 53

Answer Stats

HintAnswer% Correct
27BC - 14Augustus
95%
37 - 41Caligula
95%
54 - 68Nero
95%
14 - 37Tiberius
77%
41 - 54Claudius
68%
268 - 270Claudius II Gothicus
68%
117 - 138Hadrian
64%
306 - 337Constantine I
59%
161 - 180Marcus Aurelius
59%
98 - 117Trajan
55%
138 - 161Antonius Pius
45%
180 - 192Commodus
45%
96 - 98Nerva
41%
81 - 96Domitian
36%
68 - 69Galba
36%
79 - 81Titus
36%
69 - 79Vespasian
36%
222 - 235Alexander Severus
32%
211 - 217Caracalla
32%
69Otho
32%
193 - 211Septimius Severus
32%
284 - 305Diocletian
27%
161 - 169Lucius Verus
27%
69Vitellius
27%
218 - 222Elagabalus
23%
211 - 212Geta
23%
244 - 249Philip the Arab
23%
270 - 275Aurelian
18%
238Gordian I
18%
238 - 244Gordian III
18%
275 - 276Tacitus
18%
253 - 260Valerian
18%
283 - 285Carinus
14%
282 - 283Carus
14%
193 - 197Clodius Albinus
14%
305 - 306Constantius
14%
249 - 251Decius
14%
193Didius Julianus
14%
305 - 311Galerius
14%
253 - 268Gallienus
14%
308 - 324Licinius
14%
217 - 218Macrinus
14%
306 - 312Maxentius
14%
235 - 238Maximinus Thrax
14%
283 - 284Numerian
14%
193Pertinax
14%
276 - 282Probus
14%
251 - 253Trebonianus Gallus
14%
286 - 305Maximianus
9%
193 - 194Pescennius Niger
9%
259 - 268Postumus
0%
270 - 273Tetricus
0%
268 - 270Victorinus
0%

Score Distribution

Percentile by Number Answered

Percent of People with Each Score

Your Score History

You have not taken this quiz